| 000 | 00757nas a2200265 4500 | ||
|---|---|---|---|
| 001 | BR0806758 | ||
| 003 | BR-BrBNA | ||
| 005 | 20231205112148.0 | ||
| 007 | ta | ||
| 008 | 230509b bl.|||p| |||| 00| 00por d | ||
| 040 |
_aBR-BrBNA _bpor _cBiblioteca Nacional de Agricultura |
||
| 041 | _a(Pt) | ||
| 072 | _aF01; P30 | ||
| 100 | 1 | _aSilva, M.R.R. da | |
| 100 | 1 | _aArf, O. | |
| 100 | 1 | _aRodrigues, R.A.F. | |
| 245 | 1 | _aCultivares de trigo sob manejos de solo e água, na região de cerrado | |
| 650 | _aTRIGO | ||
| 650 | _aPLANTIO DIRETO | ||
| 650 | _aÁGUA | ||
| 650 | _aSOLO | ||
| 773 | 0 |
_tCiência Rural (Brazil) _xISSN 0103-8478 _g(Jul 2008), v. 38(4) p. 921-927 _wBR0806758 |
|
| 909 |
_a202311 _bLúcia _c55 _dLúcia Elande |
||
| 942 |
_2AGRIS _n0 _cANA |
||
| 999 |
_c196440 _d196440 |
||